000
00267nam a22001217a 4500
008
180206b xxu||||| |||| 00| 0 eng d
041
_a
eng338
080
_a
338
100
_a
53
101
_a
man
245
_a
URWICK ORR ON MANAGEMENT
_c
FRED.S.S
942
_2
udc
_c
BK
999
_c
41931
_d
41931